Matematické základy informatiky

Salvato in:
Dettagli Bibliografici
Autori principali: Henzler, Jiří (Autore), Pelikán, Jan (Autore)
Natura: Libro
Lingua:ceco
Pubblicazione: Praha : Vysoká škola ekonmická v Praze, 2009
Soggetti:
Accesso online:OBSAH
Tags: Aggiungi Tag
Nessun Tag, puoi essere il primo ad aggiungerne!!

MARC

LEADER 00000nam a22000003a 4500
001 stu207601
005 20150617230056.7
008 100715s2009----xr------------------cze-d
020 |a 978-80-245-1537-3 
040 |a STU  |b slo 
041 0 |a cze 
044 |a xr 
080 |a 004  |7 stu_us_auth*stu9200 
080 |a 51  |7 stu_us_auth*stu8333 
100 1 |a Henzler, Jiří  |4 aut 
245 1 |a Matematické základy informatiky 
260 |a Praha :  |b Vysoká škola ekonmická v Praze,  |c 2009 
300 |a 141 s 
650 7 |a aplikovaná matematika  |2 stusub 
650 7 |a informatika  |2 stusub 
700 1 |a Pelikán, Jan  |4 aut 
856 4 |a https://sweb.mtf.stuba.sk/obsahy/matematicke_zaklady_informatiky_09  |u https://sweb.mtf.stuba.sk/obsahy/matematicke_zaklady_informatiky_09  |3 OBSAH 
996 |b 284M078403  |c M*S-1503-1  |l MMST  |s A  |a 24  |w stu207601_0001 
996 |b 284M078404  |c M*S-1503-2  |l MMKN  |s A  |a 24  |w stu207601_0002 
996 |b 284M078405  |c M*S-1503-3  |l MMKN  |s A  |a 24  |w stu207601_0003